| 000 | 01276cam a2200277 i 4500 | ||
|---|---|---|---|
| 001 | 17811827 | ||
| 003 | OSt | ||
| 005 | 20160504154931.0 | ||
| 008 | 130715s2013 ncua b 001 0 eng | ||
| 010 | _a 2013027019 | ||
| 020 | _a9780786439768 (softcover : alk. paper) | ||
| 040 | _aSEKU | ||
| 042 | _apcc | ||
| 043 | _an-us--- | ||
| 050 | 0 | 0 |
_aPN 1991.77 _b.G3 |
| 082 | 0 | 0 |
_a791.44/72 _223 |
| 100 | 1 | _aGardner, Martin A. | |
| 245 | 1 | 0 |
_aQuiz kids : _bthe radio program with the smartest children in America, 1940-1953 / _cMartin A. Gardner. |
| 264 | 1 |
_aJefferson, North Carolona ; _aLondon : _bMcFarland & Company, Inc., Publishers, _c[2013] |
|
| 300 |
_av, 312 p. : _bill. ; _c23 cm. |
||
| 504 | _aIncludes bibliographical references and index. | ||
| 520 |
_a"'Quiz Kids' was a network radio program aired from 1940 to 1953 featuring smart children answering difficult questions submitted by listeners throughout America. "Quiz Kids" thrived during this period spanning a time from home delivery of milk by horse and wagon to the nuclear age. The show went beyond the producers' wildest expectations to be a national phenomenon"-- _cProvided by publisher. |
||
| 630 | 0 | 0 | _aQuiz kids (Radio program) |
| 650 | 0 |
_aRadio quiz shows _zUnited States. |
|
| 942 |
_2lcc _cGEN |
||
| 999 |
_c13293 _d13293 |
||